[Event "Saint Louis Rapid 2020"]
[Site "Internet"]
[Date "15.09.2020"]
[Round "1R"]
[White "Nakamura,Hi"]
[Black "Carlsen,M"]
[Result "0-1"]
[WhiteElo "2736"]
[BlackElo "2863"]
[EventDate "2020.09.15"]

1. e4 c6 2. d4 d5 3. e5 Bf5 4. h4 h5 5. Bd3 Bxd3 6. Qxd3 e6 7. Bg5 Qa5+ 8.
Nd2 Qa6 9. c4 Ne7 10. Ngf3 Nf5 11. O-O Nd7 12. b3 Bb4 13. Rfd1 Nb6 14. Rac1
O-O 15. Nf1 c5 16. dxc5 dxc4 17. Qb1 Bxc5 18. b4 Be7 19. Ng3 Nxg3 20. fxg3
Rae8 21. Bxe7 Rxe7 22. Ng5 g6 23. Qe4 Nd5 24. Kh1 c3 25. Rc2 Rc8 26. Qf3
Qa4 27. Rf2 c2 28. Rc1 Rc3 29. Qe2 Qxb4 30. Kh2 Rxg3 31. Kxg3 Qa3+ 32. Kh2
Qxc1 33. Qc4 Rc7 34. Qb5 Qxg5 0-1

[Event "Saint Louis Rapid 2020"]
[Site "Internet"]
[Date "15.09.2020"]
[Round "1R"]
[White "So,W"]
[Black "Xiong,Jeffery"]
[Result "1-0"]
[WhiteElo "2770"]
[BlackElo "2709"]
[EventDate "2020.09.15"]

1. e4 c5 2. Nf3 Nc6 3. Bb5 e6 4. O-O Nge7 5. d4 cxd4 6. Nxd4 Qb6 7. Nxc6
bxc6 8. Bd3 Ng6 9. c4 Bc5 10. Nc3 Bd4 11. Ne2 Bc5 12. Rb1 a5 13. Nc3 Bd4
14. Na4 Qc7 15. c5 O-O 16. Re1 d6 17. Be3 dxc5 18. Nxc5 Rd8 19. Bxd4 Rxd4
20. Qc2 e5 21. Rbd1 Nf8 22. Bc4 Qe7 23. Rxd4 exd4 24. Nd3 Bg4 25. f4 Be6
26. f5 Bxc4 27. Qxc4 Qd7 28. Ne5 Qc7 29. Qxd4 Rd8 30. Qc5 Nd7 31. Nxd7 Rxd7
32. e5 Rd5 33. Qe3 Qe7 34. h3 Qc5 35. Kh2 Qxe3 36. Rxe3 Kf8 37. f6 gxf6 38.
exf6 Rd2 39. Re5 Rxb2 40. Rxa5 Ke8 41. Kg3 c5 42. a4 Kd7 43. Rxc5 Ke6 44.
Rc6+ Kf5 45. a5 Ra2 46. a6 Ra4 47. Kf3 Ra3+ 48. Ke2 h5 49. Kd2 Ra2+ 50. Kc3
Rxg2 51. Rc5+ Kxf6 52. Ra5 Rg8 53. a7 Ra8 54. Kc4 h4 55. Kb5 Ke5 56. Kb6+
Kf4 57. Kb7 Rf8 58. a8=Q Rxa8 59. Kxa8 Kg3 60. Ra3+ Kg2 61. Kb7 f5 62. Kc6
f4 63. Kd5 f3 64. Ke4 f2 65. Rf3 f1=Q 66. Rxf1 Kxf1 67. Kf3 1-0

[Event "Saint Louis Rapid 2020"]
[Site "Internet"]
[Date "15.09.2020"]
[Round "1R"]
[White "Dominguez Perez,L"]
[Black "Harikrishna,P"]
[Result "0-1"]
[WhiteElo "2758"]
[BlackElo "2732"]
[EventDate "2020.09.15"]

1. e4 c6 2. d4 d5 3. e5 Bf5 4. Nf3 e6 5. Be2 c5 6. Be3 Qb6 7. Nc3 Nc6 8.
Na4 Qa5+ 9. c3 c4 10. b4 Qd8 11. O-O Bg6 12. Ne1 Nge7 13. f4 Nf5 14. Bf2 h5
15. Nb2 b5 16. a4 a6 17. Nc2 Be7 18. Qd2 O-O 19. axb5 axb5 20. Rxa8 Qxa8
21. Ra1 Qb7 22. Nd1 Ra8 23. Qc1 Rxa1 24. Qxa1 f6 25. Qb2 fxe5 26. dxe5 Bd8
27. Nde3 Nxe3 28. Bxe3 Bb6 29. Nd4 Bxd4 30. Bxd4 Qf7 31. Qd2 Be4 32. g3 h4
33. Qe3 hxg3 34. hxg3 Qg6 35. Kf2 Qh6 36. Bc5 Qh1 37. Bg4 Kf7 38. Be2 Kg8
39. Bg4 Kf7 40. Be2 Qb1 41. g4 Qc2 42. Ke1 Bd3 43. Bxd3 Qxc3+ 44. Qd2 Qxd3
45. Qxd3 cxd3 46. Kd2 g5 47. fxg5 Nxe5 48. Kc3 Kg6 49. Be3 Nc4 50. Bc5 d2
51. Kc2 Kxg5 0-1

[Event "Saint Louis Rapid 2020"]
[Site "Internet"]
[Date "15.09.2020"]
[Round "1R"]
[White "Firouzja,Alireza"]
[Black "Aronian,L"]
[Result "0-1"]
[WhiteElo "2728"]
[BlackElo "2773"]
[EventDate "2020.09.15"]

1. Nf3 d5 2. g3 Nf6 3. Bg2 g6 4. O-O Bg7 5. d4 O-O 6. c4 c6 7. Qb3 Qb6 8.
Rd1 Bf5 9. Qa3 dxc4 10. Ne5 Be6 11. Qxe7 Na6 12. Nc3 Rad8 13. Qa3 Rfe8 14.
Bg5 h6 15. Be3 Bf8 16. d5 Qxe3 17. fxe3 Bxa3 18. dxe6 Rxd1+ 19. Nxd1 Rxe6
20. Nxc6 Bxb2 21. Nxb2 c3 22. Nxa7 cxb2 23. Rb1 Rb6 24. Nc8 Rb4 25. Ne7+
Kf8 26. Nd5 Rc4 27. Rxb2 Rc1+ 28. Kf2 Ng4+ 29. Kf3 Nxh2+ 30. Kf4 Rg1 31.
Bf3 Nc5 32. g4 h5 33. gxh5 g5+ 34. Kf5 g4 35. Be4 g3 36. Nf4 Nf1 37. Bf3
Nxe3+ 38. Kf6 Rd1 39. h6 g2 40. h7 Nd7+ 0-1

[Event "Saint Louis Rapid 2020"]
[Site "Internet"]
[Date "15.09.2020"]
[Round "1R"]
[White "Grischuk,A"]
[Black "Nepomniachtchi,I"]
[Result "1/2-1/2"]
[WhiteElo "2777"]
[BlackElo "2784"]
[EventDate "2020.09.15"]

1. Nf3 c5 2. c4 Nc6 3. Nc3 Nf6 4. g3 d5 5. d4 e6 6. cxd5 Nxd5 7. Bg2 cxd4
8. Nxd4 Nxc3 9. bxc3 Nxd4 10. Qxd4 Qxd4 11. cxd4 Bd6 12. a4 Rb8 13. a5 Ke7
14. O-O Rd8 15. e4 Kf8 16. Be3 b6 17. Rfb1 Bd7 18. axb6 axb6 19. Ra6 Bc7
20. d5 exd5 21. exd5 Bf5 22. Rc1 Rdc8 23. h3 h5 24. d6 Bxd6 25. Rxc8+ Bxc8
26. Rxb6 Rxb6 27. Bxb6 Be6 28. h4 g6 29. Be3 Kg8 30. Bd4 Bf8 31. Be3 Bd6
32. Bd4 Bf8 33. Be3 Bd6 1/2-1/2

[Event "Saint Louis Rapid 2020"]
[Site "Internet"]
[Date "15.09.2020"]
[Round "2R"]
[White "Carlsen,M"]
[Black "Nepomniachtchi,I"]
[Result "0-1"]
[WhiteElo "2863"]
[BlackElo "2784"]
[EventDate "2020.09.15"]

1. c4 e5 2. g3 Nc6 3. Bg2 h5 4. Nc3 h4 5. e3 Nf6 6. Nge2 h3 7. Bf3 e4 8.
Nxe4 Ne5 9. N2c3 Nxc4 10. Nxf6+ Qxf6 11. Nd5 Qd6 12. d4 c6 13. Nc3 Qb4 14.
a3 Qa5 15. O-O d5 16. e4 dxe4 17. Bxe4 Be6 18. d5 cxd5 19. Bxd5 Rd8 20. Qe2
Rxd5 21. Qxc4 Re5 22. Qd3 Qc5 23. Qf3 Qc8 24. Bf4 Rc5 25. Ne4 Rc6 26. Ng5
Be7 27. Nxe6 fxe6 28. Be5 Bf6 29. Bxf6 O-O 30. Qg4 Rxf6 31. Qxh3 Rc2 32. b4
Qc6 33. Rad1 Qb6 34. Qg2 Rc3 35. Qe4 Rxa3 36. Rd2 Raf3 37. Kg2 a6 38. Rc2
Rf8 0-1

[Event "Saint Louis Rapid 2020"]
[Site "Internet"]
[Date "15.09.2020"]
[Round "2R"]
[White "Aronian,L"]
[Black "Grischuk,A"]
[Result "1-0"]
[WhiteElo "2773"]
[BlackElo "2777"]
[EventDate "2020.09.15"]

1. d4 Nf6 2. c4 e6 3. Nc3 Bb4 4. f3 c5 5. d5 b5 6. e4 d6 7. Bd2 a6 8. Nge2
O-O 9. Nf4 exd5 10. Ncxd5 Nxd5 11. Nxd5 Bxd2+ 12. Qxd2 Nc6 13. cxb5 Nd4 14.
bxa6 Qh4+ 15. Kd1 Bxa6 16. Qf4 Qd8 17. Qe3 Kh8 18. Qc3 Bb7 19. Bc4 f5 20.
exf5 Rxf5 21. Ne3 Re5 22. Nc2 d5 23. Bb5 Qg5 24. Nxd4 Qxg2 25. Rf1 cxd4 26.
Qxd4 Rae8 27. Qf2 Qxf2 28. Rxf2 Re1+ 29. Kd2 Rxa1 30. Bxe8 Rxa2 31. Kc3 g6
32. f4 Kg7 33. Bd7 Kf6 34. Re2 Ra6 35. Kd4 Rb6 36. Kc5 Rb3 37. Rf2 d4 38.
Kxd4 Ke7 39. Bg4 Kd6 40. Bd1 Rb4+ 41. Kc3 Re4 42. Bc2 Re3+ 43. Kd4 Rh3 44.
f5 Rh4+ 45. Ke3 gxf5 46. Bxf5 Ke5 47. Kd2 h6 48. Bd3 Bd5 49. Bf1 Kd4 50. h3
Be6 51. Rf3 Ke5 52. Kc3 Bd5 53. Re3+ Re4 54. Rxe4+ Bxe4 55. Kc4 h5 56. b4
Bc6 57. Kc5 Bd7 58. h4 Kf4 59. Kd6 Be8 60. Ke7 Ba4 61. Be2 Kg3 62. Bxh5
Kxh4 63. Be8 Bc2 64. b5 Kg3 65. Kd6 Bd3 66. b6 Ba6 67. Kc7 Kf4 68. Bb5 1-0

[Event "Saint Louis Rapid 2020"]
[Site "Internet"]
[Date "15.09.2020"]
[Round "2R"]
[White "Harikrishna,P"]
[Black "Firouzja,Alireza"]
[Result "1/2-1/2"]
[WhiteElo "2732"]
[BlackElo "2728"]
[EventDate "2020.09.15"]

1. d4 Nf6 2. Nf3 d5 3. c4 e6 4. Nc3 Nbd7 5. Bg5 h6 6. Bh4 Be7 7. e3 O-O 8.
Rc1 c5 9. cxd5 Nxd5 10. Bxe7 Qxe7 11. Nxd5 exd5 12. dxc5 Nxc5 13. Be2 Rd8
14. O-O Bg4 15. Nd4 Bxe2 16. Qxe2 Rac8 17. Qb5 a6 18. Qa5 Qd6 19. Qc3 Qd7
20. h3 Ne6 21. Qb4 Nxd4 22. Qxd4 Rxc1 23. Rxc1 Rc8 24. Rc5 Rxc5 25. Qxc5
Qf5 26. a4 Qb1+ 27. Kh2 Qxb2 28. Qc8+ Kh7 29. Qf5+ Kg8 30. Qc8+ Kh7 31.
Qf5+ Kg8 32. Qc8+ 1/2-1/2

[Event "Saint Louis Rapid 2020"]
[Site "Internet"]
[Date "15.09.2020"]
[Round "2R"]
[White "Xiong,Jeffery"]
[Black "Dominguez Perez,L"]
[Result "1/2-1/2"]
[WhiteElo "2709"]
[BlackElo "2758"]
[EventDate "2020.09.15"]

1. e4 e5 2. Nf3 Nc6 3. Bb5 a6 4. Ba4 Nf6 5. O-O Nxe4 6. d4 b5 7. Bb3 d5 8.
dxe5 Be6 9. c3 Bc5 10. Qd3 O-O 11. Be3 f6 12. Nbd2 Nxd2 13. Qxd2 Bxe3 14.
Qxe3 fxe5 15. Nxe5 Nxe5 16. Qxe5 Bf7 17. Rfe1 Re8 18. Qf4 c5 19. Bc2 Qf6
20. Qc7 Rec8 21. Qe7 Qxe7 22. Rxe7 Kf8 23. Rb7 Rab8 24. Ra7 Ra8 25. Rb7
Rab8 26. Ra7 Ra8 27. Rb7 1/2-1/2

[Event "Saint Louis Rapid 2020"]
[Site "Internet"]
[Date "15.09.2020"]
[Round "2R"]
[White "Nakamura,Hi"]
[Black "So,W"]
[Result "1/2-1/2"]
[WhiteElo "2736"]
[BlackElo "2770"]
[EventDate "2020.09.15"]

1. e4 e5 2. Nf3 Nf6 3. d3 Nc6 4. g3 d5 5. exd5 Nxd5 6. Bg2 Bc5 7. O-O O-O
8. Re1 Re8 9. Nc3 Nxc3 10. bxc3 Bb6 11. Be3 Ba5 12. Bd2 Bb6 13. Rb1 Bf5 14.
Be3 Qd7 15. Nd2 Rad8 16. Rb5 Bh3 17. Bh1 f6 18. a4 Be6 19. Qa1 Bxe3 20.
fxe3 b6 21. Rf1 Ne7 1/2-1/2

[Event "Saint Louis Rapid 2020"]
[Site "Internet"]
[Date "15.09.2020"]
[Round "3R"]
[White "So,W"]
[Black "Carlsen,M"]
[Result "1/2-1/2"]
[WhiteElo "2770"]
[BlackElo "2863"]
[EventDate "2020.09.15"]

1. e4 c5 2. Nf3 d6 3. Bb5+ Nd7 4. a4 Ngf6 5. Nc3 a6 6. Be2 b6 7. d4 cxd4 8.
Qxd4 Bb7 9. O-O e6 10. Rd1 Qc7 11. Be3 Ng4 12. Bg5 Rc8 13. Bh4 Ngf6 14. Nd2
Ne5 15. Nf3 Nc6 16. Qd2 Be7 17. Bxf6 Bxf6 18. Qxd6 Qxd6 19. Rxd6 Rd8 20.
Rxd8+ Kxd8 21. Nd1 Kc7 22. c3 Rd8 23. Ne3 Ne5 24. Nxe5 Bxe5 25. Nc4 Bf6 26.
e5 Be7 27. Rd1 Rxd1+ 28. Bxd1 b5 29. axb5 axb5 30. Nd6 Bxd6 31. exd6+ Kxd6
32. f4 Kc5 33. Kf2 b4 34. cxb4+ Kxb4 35. g3 Kc4 36. Ke3 Bc6 37. h4 h6 38.
g4 f6 39. g5 hxg5 40. hxg5 Kc5 41. Bb3 Bd7 42. gxf6 gxf6 43. Bd1 e5 44.
fxe5 fxe5 45. b4+ Kxb4 46. Ke4 Bf5+ 47. Kxf5 e4 48. Bb3 Kxb3 49. Kxe4
1/2-1/2

[Event "Saint Louis Rapid 2020"]
[Site "Internet"]
[Date "15.09.2020"]
[Round "3R"]
[White "Dominguez Perez,L"]
[Black "Nakamura,Hi"]
[Result "1/2-1/2"]
[WhiteElo "2758"]
[BlackElo "2736"]
[EventDate "2020.09.15"]

1. e4 e5 2. Nf3 Nc6 3. Bb5 Nf6 4. O-O Nxe4 5. d4 Nd6 6. Bxc6 dxc6 7. dxe5
Nf5 8. Qxd8+ Kxd8 9. Nc3 Ke8 10. h3 h5 11. Ne2 b6 12. Bg5 c5 13. Nc3 Bb7
14. Rad1 Bxf3 15. gxf3 c6 16. f4 Be7 17. Ne4 Rd8 18. Rxd8+ Bxd8 19. Rd1
Bxg5 20. fxg5 Ke7 21. Nd6 Nd4 22. c3 Nf3+ 23. Kg2 Nxg5 24. f4 Ne6 25. f5
Nf4+ 26. Kg3 Nd5 27. c4 Ne3 28. Rg1 Nc2 29. Kf4 Kf8 30. Ke4 Rg8 31. Rg2 Nd4
32. b4 g6 33. f6 Ne6 34. a3 g5 35. Nf5 g4 36. h4 g3 37. Rxg3 Rxg3 38. Nxg3
cxb4 39. axb4 a5 40. c5 axb4 41. cxb6 Ke8 42. Kd3 Nc5+ 43. Kc2 Kd7 44. Nxh5
b3+ 45. Kc3 Ke6 46. Nf4+ Kf5 47. Nd3 Na4+ 48. Kxb3 Nxb6 49. Kc3 c5 50. h5
c4 51. Nf4 Kxe5 52. h6 Kxf6 53. Kd4 c3 54. Kxc3 Nd5+ 55. Nxd5+ Kg6 56. Kd4
Kxh6 57. Ke5 f6+ 58. Nxf6 1/2-1/2

[Event "Saint Louis Rapid 2020"]
[Site "Internet"]
[Date "15.09.2020"]
[Round "3R"]
[White "Firouzja,Alireza"]
[Black "Xiong,Jeffery"]
[Result "1/2-1/2"]
[WhiteElo "2728"]
[BlackElo "2709"]
[EventDate "2020.09.15"]

1. Nf3 d5 2. g3 Nd7 3. Bg2 e5 4. d3 Bd6 5. O-O c6 6. c4 Ne7 7. Nc3 O-O 8.
cxd5 cxd5 9. Bg5 f6 10. Bd2 Nb6 11. a4 Be6 12. a5 Nd7 13. Nb5 Bb8 14. Bb4
Re8 15. Nd2 Nc6 16. Qb3 e4 17. Qa4 a6 18. Nc3 f5 19. dxe4 dxe4 20. Rfd1 Be5
21. e3 Qf6 22. Nc4 Rad8 23. Bf1 Qf7 24. Bd6 Kh8 25. Rd2 Qh5 26. Be2 Qh3 27.
Rad1 Bxc4 28. Qxc4 Nf6 29. Bxe5 Nxe5 30. Rxd8 Nxc4 31. Rxe8+ Nxe8 32. Bxc4
Qh5 33. Rd7 f4 34. Rf7 Qc5 35. Nxe4 Qb4 36. Rxf4 Nf6 37. Nxf6 gxf6 38. Bd5
Qxb2 39. Kg2 Qb5 40. e4 Kg7 41. Rg4+ Kh6 42. Rh4+ Kg7 43. Rg4+ Kh6 44. Rh4+
Kg7 45. Rg4+ 1/2-1/2

[Event "Saint Louis Rapid 2020"]
[Site "Internet"]
[Date "15.09.2020"]
[Round "3R"]
[White "Grischuk,A"]
[Black "Harikrishna,P"]
[Result "0-1"]
[WhiteElo "2777"]
[BlackElo "2732"]
[EventDate "2020.09.15"]

1. d4 d5 2. c4 c6 3. Nf3 Nf6 4. Nc3 e6 5. Bg5 dxc4 6. e4 b5 7. a4 Qb6 8.
Be2 Nbd7 9. O-O Bb7 10. a5 Qa6 11. b3 Bb4 12. Bd2 Bxc3 13. Bxc3 c5 14. dxc5
Bxe4 15. bxc4 bxc4 16. Bxf6 gxf6 17. Qa4 Rg8 18. g3 Qc6 19. Nd4 Qxa4 20.
Rxa4 Rc8 21. Rxc4 Rxc5 22. Rxc5 Nxc5 23. Rc1 Rg5 24. Nb5 Nd3 25. Rc8+ Kd7
26. Rb8 Rc5 27. f3 Bg6 28. a6 Rc1+ 29. Kg2 Rc2 30. Kf1 Rc1+ 31. Kg2 Rc2 32.
Rb7+ Kd8 33. Nd4 Ra2 34. Rxa7 Nc1 35. Nc6+ Ke8 36. Re7+ Kf8 37. a7 Nxe2 38.
Kf1 Nd4 39. Rc7 Bd3+ 40. Ke1 Nxf3+ 0-1

[Event "Saint Louis Rapid 2020"]
[Site "Internet"]
[Date "15.09.2020"]
[Round "3R"]
[White "Nepomniachtchi,I"]
[Black "Aronian,L"]
[Result "1/2-1/2"]
[WhiteElo "2784"]
[BlackElo "2773"]
[EventDate "2020.09.15"]

1. e4 e5 2. Nf3 Nc6 3. g3 d5 4. exd5 Qxd5 5. Nc3 Qd6 6. Bg2 Bg4 7. h3 Bh5
8. g4 Bg6 9. d3 Nge7 10. Be3 O-O-O 11. Nd2 f5 12. Nb3 Bf7 13. Qf3 Qg6 14.
O-O-O f4 15. Bd2 Nd5 16. Qe4 Qf6 17. Qe2 Nxc3 18. Bxc3 Nd4 19. Bxd4 exd4
20. Kb1 g5 21. Be4 h6 22. Qf3 c6 23. h4 gxh4 24. Qh3 Kc7 25. Qxh4 Qxh4 26.
Rxh4 Be7 27. Rh2 Bxb3 28. axb3 a5 29. Kc1 Bg5 30. Kd2 f3+ 31. Ke1 Rhf8 32.
Rh3 Rde8 33. Kf1 Re5 34. Rxf3 Rxf3 35. Bxf3 Rc5 36. Re1 Rxc2 37. Re2 Rxe2
38. Kxe2 Bc1 39. Be4 Bxb2 40. Kd2 Ba3 41. Kc2 Bd6 42. Bf5 Bf4 43. Be6 Kd6
44. Bc8 b5 45. Kb2 c5 46. Ba6 Kc6 47. Kc2 Kb6 48. Bc8 c4 49. dxc4 bxc4 50.
bxc4 a4 51. Bd7 a3 52. Kb3 Bc1 53. Bf5 Kc5 54. Bd3 Kd6 55. f4 Bxf4 56. Kxa3
1/2-1/2

[Event "Saint Louis Rapid 2020"]
[Site "Internet"]
[Date "16.09.2020"]
[Round "4R"]
[White "Carlsen,M"]
[Black "Aronian,L"]
[Result "1-0"]
[WhiteElo "2863"]
[BlackElo "2773"]
[EventDate "2020.09.15"]

1. d4 Nf6 2. c4 g6 3. Nc3 d5 4. Nf3 Bg7 5. Qb3 dxc4 6. Qxc4 O-O 7. e4 a6 8.
e5 b5 9. Qb3 Ng4 10. h3 Nh6 11. Bd3 Be6 12. d5 Nd7 13. Bb1 Bf5 14. Bxh6
Bxh6 15. Bxf5 gxf5 16. O-O e6 17. dxe6 Nc5 18. exf7+ Rxf7 19. Qa3 Ne6 20.
Rad1 Qf8 21. Qb3 Re8 22. Nd5 Bg7 23. Rfe1 c5 24. Qa3 Ra7 25. Qa5 c4 26. a4
b4 27. Nf6+ Bxf6 28. exf6 Qxf6 29. Qxb4 Rg7 30. Qxc4 Kh8 31. Rd6 Reg8 32.
Rexe6 Rxg2+ 33. Kf1 Qxb2 34. Qd4+ 1-0

[Event "Saint Louis Rapid 2020"]
[Site "Internet"]
[Date "16.09.2020"]
[Round "4R"]
[White "Harikrishna,P"]
[Black "Nepomniachtchi,I"]
[Result "0-1"]
[WhiteElo "2732"]
[BlackElo "2784"]
[EventDate "2020.09.15"]

1. e4 c5 2. Nf3 d6 3. d4 cxd4 4. Qxd4 Nf6 5. Be2 Nc6 6. Qe3 g6 7. O-O Bg7
8. h3 d5 9. exd5 Nxd5 10. Qb3 Nb6 11. Rd1 Qc7 12. Nc3 Be6 13. Nb5 Qb8 14.
Qa3 O-O 15. Nbd4 Bd5 16. Be3 e6 17. Rac1 Bxf3 18. Nxf3 Nd5 19. Bc5 Rd8 20.
c4 Nf4 21. Bf1 e5 22. Bd6 Qc8 23. c5 Qf5 24. Re1 e4 25. Nd2 Nd3 26. Bxd3
exd3 27. Ne4 Ne5 28. Bxe5 Bxe5 29. Rcd1 Rd4 30. Nd2 Bf6 31. Nf3 Rd7 32. b4
Rad8 33. Rd2 Bg7 34. Qb3 Bh6 35. Rdd1 d2 36. Re5 Qf6 37. Qc4 Rd3 38. Qe4
Rc3 39. Re8+ Rxe8 40. Qxe8+ Kg7 41. Qe2 Rc1 42. Nxd2 Rxd1+ 43. Qxd1 Qd4 44.
Qf3 Qxd2 45. a3 Qc1+ 0-1

[Event "Saint Louis Rapid 2020"]
[Site "Internet"]
[Date "16.09.2020"]
[Round "4R"]
[White "Xiong,Jeffery"]
[Black "Grischuk,A"]
[Result "0-1"]
[WhiteElo "2709"]
[BlackElo "2777"]
[EventDate "2020.09.15"]

1. e4 c5 2. Nf3 d6 3. Bb5+ Nd7 4. a4 Ngf6 5. Nc3 a6 6. Be2 g6 7. a5 Bg7 8.
O-O O-O 9. Re1 b5 10. axb6 Bb7 11. d3 a5 12. Be3 Qxb6 13. Nd2 Qxb2 14. Rb1
Qxc3 15. Rxb7 Rfb8 16. Rxb8+ Rxb8 17. Nc4 Qb4 18. Bd2 Qa4 19. Bxa5 Ne8 20.
c3 Qa2 21. d4 cxd4 22. cxd4 Rc8 23. Qd3 Rxc4 24. Qxc4 Qxa5 25. Rd1 Nef6 26.
Qc6 Qb6 27. Bb5 Qxc6 28. Bxc6 Nf8 29. e5 dxe5 30. dxe5 Nh5 31. Re1 Nf4 32.
Re3 g5 33. g3 N4g6 34. Be4 Nxe5 35. Kg2 Bf6 36. Bc2 Kg7 37. Ra3 Ne6 38. Ra4
h6 39. h3 Nc7 40. Ra5 Ne8 41. Rc5 Nd6 42. Bb1 Nd7 43. Ra5 Nf8 44. Ba2 Ng6
45. Bb1 h5 46. h4 gxh4 47. Rxh5 hxg3 48. fxg3 Nc4 49. Bd3 Nce5 50. Bc2 Nd7
51. Rb5 Ndf8 52. Rh5 Be5 53. Kf3 Bd6 54. Kg2 Ne6 55. Ra5 Ne5 56. Ra4 Kf6
57. Rh4 Ng6 58. Rc4 Ng7 59. Kf3 Ne5+ 0-1

[Event "Saint Louis Rapid 2020"]
[Site "Internet"]
[Date "16.09.2020"]
[Round "4R"]
[White "Nakamura,Hi"]
[Black "Firouzja,Alireza"]
[Result "1-0"]
[WhiteElo "2736"]
[BlackElo "2728"]
[EventDate "2020.09.15"]

1. e4 c6 2. d4 d5 3. e5 Bf5 4. h4 h5 5. Bd3 Bxd3 6. Qxd3 Qa5+ 7. Bd2 Qa6 8.
e6 Qxd3 9. exf7+ Kxf7 10. cxd3 Nh6 11. Nf3 Nf5 12. O-O Rg8 13. Re1 Ke8 14.
Bg5 Na6 15. a3 g6 16. Nc3 Bg7 17. Ne2 Nc7 18. Ng3 Bf8 19. Nxf5 gxf5 20. Bf4
Kd7 21. Bxc7 Kxc7 22. Re5 Rg4 23. Rxf5 Bg7 24. Re1 Bxd4 25. Rxe7+ Kb6 26.
Nxd4 Rxd4 27. Rxh5 Rxd3 28. Rhh7 Rd1+ 29. Kh2 Rd2 30. Rxb7+ Kc5 31. Rhf7 d4
32. b3 Rh8 33. Kh3 Rd1 34. g3 d3 35. Rbd7 Rh5 36. Rf4 Rd5 37. b4+ Kb5 38.
Rxd5+ cxd5 39. Rd4 Ka4 40. Kg2 Kb3 41. h5 Kc2 42. Rxd5 Re1 43. g4 d2 44. h6
Re6 45. Rxd2+ Kxd2 46. g5 1-0

[Event "Saint Louis Rapid 2020"]
[Site "Internet"]
[Date "16.09.2020"]
[Round "4R"]
[White "So,W"]
[Black "Dominguez Perez,L"]
[Result "1-0"]
[WhiteElo "2770"]
[BlackElo "2758"]
[EventDate "2020.09.15"]

1. e4 e5 2. Nf3 Nc6 3. Bb5 a6 4. Ba4 Nf6 5. O-O Nxe4 6. d4 b5 7. Bb3 d5 8.
dxe5 Be6 9. Nbd2 Nc5 10. c3 d4 11. Bxe6 Nxe6 12. cxd4 Ncxd4 13. a4 Bb4 14.
Ne4 O-O 15. Be3 Nf5 16. Qc2 Nxe3 17. fxe3 Qe7 18. Nd4 Nxd4 19. exd4 Rad8
20. Rad1 c5 21. axb5 axb5 22. Qd3 cxd4 23. Rf5 g6 24. Rdf1 Kg7 25. Ng5 Kg8
26. Qh3 h5 27. Qg3 d3 28. Nxf7 Bc5+ 29. Kh1 Rxf7 30. Rxf7 Qxf7 31. Rxf7
Kxf7 32. Qf3+ Kg8 33. e6 Kh7 34. Qf7+ Kh6 35. Qf4+ Kg7 36. Qc7+ 1-0

[Event "Saint Louis Rapid 2020"]
[Site "Internet"]
[Date "16.09.2020"]
[Round "5R"]
[White "Dominguez Perez,L"]
[Black "Carlsen,M"]
[Result "0-1"]
[WhiteElo "2758"]
[BlackElo "2863"]
[EventDate "2020.09.15"]

1. e4 e5 2. Nf3 d6 3. d4 exd4 4. Nxd4 Nf6 5. Nc3 Be7 6. Bf4 O-O 7. Qd2 c6
8. O-O-O b5 9. f3 b4 10. Nb1 a5 11. g4 a4 12. h4 c5 13. Nf5 Bxf5 14. gxf5
Nc6 15. h5 Nd4 16. Qg2 Kh8 17. Be3 h6 18. Bd3 Nd7 19. Rhg1 Bf6 20. f4 Re8
21. Bxd4 cxd4 22. Nd2 Nc5 23. Nc4 b3 24. Kb1 bxc2+ 25. Bxc2 Rb8 26. Bd3 Rb4
27. a3 Rb3 28. Bc2 Rb8 29. e5 dxe5 30. fxe5 Rxe5 31. Nxe5 Bxe5 32. Bd3 Bf6
33. Qc2 Qa5 34. Rg2 Nxd3 35. Qxd3 Qd5 36. Re2 Kh7 37. Qe4 Rxb2+ 38. Kxb2
d3+ 39. Kc1 Qc5+ 40. Kd2 Qc2+ 41. Ke1 Bh4+ 0-1

[Event "Saint Louis Rapid 2020"]
[Site "Internet"]
[Date "16.09.2020"]
[Round "5R"]
[White "Firouzja,Alireza"]
[Black "So,W"]
[Result "1/2-1/2"]
[WhiteElo "2728"]
[BlackElo "2770"]
[EventDate "2020.09.15"]

1. e4 e5 2. Nf3 Nf6 3. Nxe5 d6 4. Nf3 Nxe4 5. Nc3 Nxc3 6. dxc3 Be7 7. Be3
O-O 8. Qd2 Nd7 9. O-O-O Nf6 10. Bd3 Re8 11. Kb1 Bd7 12. h4 c5 13. Bg5 Bc6
14. Qf4 h6 15. Bf5 Nh5 16. Qg4 Nf6 17. Qg3 Nh5 18. Qg4 Nf6 19. Qg3 Nh5 20.
Qg4 1/2-1/2

[Event "Saint Louis Rapid 2020"]
[Site "Internet"]
[Date "16.09.2020"]
[Round "5R"]
[White "Grischuk,A"]
[Black "Nakamura,Hi"]
[Result "1/2-1/2"]
[WhiteElo "2777"]
[BlackElo "2736"]
[EventDate "2020.09.15"]

1. d4 Nf6 2. c4 e6 3. Nf3 d5 4. Nc3 Be7 5. Bf4 O-O 6. e3 Nbd7 7. c5 c6 8.
b4 b6 9. Bd3 a5 10. a3 Ba6 11. O-O Qc8 12. Rb1 Bxd3 13. Qxd3 axb4 14. axb4
Qb7 15. Rfc1 Ra3 16. b5 Rc8 17. bxc6 Rxc6 18. Qb5 Qa8 19. cxb6 Rxb6 20. Qf1
Rxb1 21. Nxb1 Ra1 22. Bg5 h6 1/2-1/2

[Event "Saint Louis Rapid 2020"]
[Site "Internet"]
[Date "16.09.2020"]
[Round "5R"]
[White "Nepomniachtchi,I"]
[Black "Xiong,Jeffery"]
[Result "0-1"]
[WhiteElo "2784"]
[BlackElo "2709"]
[EventDate "2020.09.15"]

1. e4 Nf6 2. e5 Nd5 3. d4 d6 4. Nf3 dxe5 5. Nxe5 g6 6. Qf3 Be6 7. Bc4 Bg7
8. Qb3 Bxe5 9. dxe5 Nc6 10. Qxb7 Ndb4 11. Bb5 Nxc2+ 12. Ke2 O-O 13. Bxc6
Rb8 14. Qxa7 Nd4+ 15. Ke1 Nc2+ 16. Ke2 Rb6 17. Na3 Nd4+ 18. Ke1 Nxc6 19.
Qa4 Nxe5 20. Bh6 Qd5 21. f3 Rxb2 0-1

[Event "Saint Louis Rapid 2020"]
[Site "Internet"]
[Date "16.09.2020"]
[Round "5R"]
[White "Aronian,L"]
[Black "Harikrishna,P"]
[Result "1/2-1/2"]
[WhiteElo "2773"]
[BlackElo "2732"]
[EventDate "2020.09.15"]

1. e4 c6 2. d4 d5 3. e5 Bf5 4. Bd3 Bxd3 5. Qxd3 e6 6. Ne2 Qa5+ 7. c3 Qa6 8.
Qd1 c5 9. Be3 Nd7 10. O-O Ne7 11. Ng3 cxd4 12. cxd4 f6 13. exf6 Nxf6 14.
Bg5 Ng6 15. Nc3 Be7 16. f4 O-O 17. f5 Nd7 18. Re1 Bxg5 19. Rxe6 Qc4 20.
fxg6 hxg6 21. Rxg6 Be3+ 22. Kh1 Rf7 23. Nh5 Qxd4 24. Nxd5 Qxd1+ 25. Rxd1
Bd4 26. b3 Raf8 27. g3 Rf1+ 28. Rxf1 Rxf1+ 29. Kg2 Rf2+ 30. Kh3 Rxa2 31.
Rd6 Ne5 32. Ne7+ Kf7 33. Rxd4 Rxh2+ 34. Kxh2 Nf3+ 35. Kg2 Nxd4 36. Nc8 Nxb3
37. Nxa7 g6 38. Nf4 g5 39. Ne2 g4 40. Nb5 Nd2 41. Nec3 Ke6 42. Kf2 Kd7 43.
Ke2 Nf3 44. Ke3 Nh2 45. Kf2 Nf3 46. Ke3 Nh2 47. Ke2 Kc6 48. Nd4+ Kc5 49.
Ndb5 Kc4 50. Ke3 b6 51. Kf4 Kb4 52. Ke3 Kc4 53. Ke4 Nf1 54. Kf4 Nh2 55. Kf5
Kb4 56. Ke4 Kc4 57. Kf4 Kb4 58. Ke3 Kc4 1/2-1/2

[Event "Saint Louis Rapid 2020"]
[Site "Internet"]
[Date "16.09.2020"]
[Round "6R"]
[White "Carlsen,M"]
[Black "Harikrishna,P"]
[Result "1-0"]
[WhiteElo "2863"]
[BlackElo "2732"]
[EventDate "2020.09.15"]

1. e4 c6 2. d4 d5 3. e5 Bf5 4. Nf3 e6 5. Be2 c5 6. O-O Nc6 7. c3 cxd4 8.
Nxd4 Nge7 9. Nxf5 Nxf5 10. Bd3 g6 11. Qe2 Bg7 12. f4 O-O 13. Nd2 f6 14.
exf6 Qxf6 15. Nf3 Rae8 16. Bb5 Qd8 17. Bd2 Nd6 18. Bd3 e5 19. fxe5 Nxe5 20.
Nxe5 Rxe5 21. Rxf8+ Qxf8 22. Qg4 Ne4 23. Be3 Nc5 24. Rf1 Rxe3 25. Rxf8+
Bxf8 26. Bc2 Re1+ 27. Kf2 Re5 28. Qc8 b6 29. b4 Ne6 30. Bb3 Ng5 31. Bxd5+
1-0

[Event "Saint Louis Rapid 2020"]
[Site "Internet"]
[Date "16.09.2020"]
[Round "6R"]
[White "Xiong,Jeffery"]
[Black "Aronian,L"]
[Result "1/2-1/2"]
[WhiteElo "2709"]
[BlackElo "2773"]
[EventDate "2020.09.15"]

1. d4 Nf6 2. c4 g6 3. Nc3 d5 4. Nf3 Bg7 5. Bf4 O-O 6. Rc1 dxc4 7. e3 c5 8.
Bxc4 cxd4 9. Nxd4 Nbd7 10. Bg3 Nb6 11. Be2 Nfd5 12. O-O e5 13. Ndb5 a6 14.
Nxd5 Nxd5 15. Nc7 Nxc7 16. Qxd8 Rxd8 17. Rxc7 b5 18. Bh4 Rd2 19. Bf3 Rb8
20. Rd1 Rxd1+ 21. Bxd1 Be6 22. Bb3 Bxb3 23. axb3 f6 24. Kf1 Rd8 25. Ke2 g5
26. Bg3 f5 27. f3 e4 28. Ra7 Rd3 29. Ra8+ Kf7 30. Ra7+ Kg8 31. Ra8+ Kf7 32.
Ra7+ Kg8 1/2-1/2